000 00391nam a2200121Ia 4500
008 170224s9999 xx 000 0 und d
245 _aSpecific Learning Disorders: A Look Inside Children’s and Parents’ Psychological Well-Being and Relationships
260 _bJournal of Learning Disabilities
260 _c2016
300 _a49:5
650 _xEducation
650 _xSpecial Education
999 _c315716
_d315716